00478nam a2200157Ia 4500003000400000005001700004008004100021040001800062041000800080082001600088100005100104245011400155260002700269600001200296650001200308OSt20260328095140.0211028s2009 xx 000 0 und d cAIMIT LIBRARY aeng a658.15 LOBS aLobo, Shiboni Sharon;Kamath, T Ramesh.g716109 aA study on operational risk management with regard to the banking sector in general ICICI Bank a case study / bKamath, T Rameshc2009 aFinance aFinance